| 000 | 01025nam a22002537a 4500 | ||
|---|---|---|---|
| 008 | 081120t xxu||||| |||| 00| 0 eng d | ||
| 010 | _aENG-91699 | ||
| 020 |
_a9788175346345 _c225.00 |
||
| 035 | _aEN-75232 | ||
| 037 | _bDBAD / PUB | ||
| 040 |
_adpl _bEnglish |
||
| 082 | _a344.54021 | ||
| 100 | _aKumar, H.L. | ||
| 245 |
_aPractical guide to workmen's compensation: _cby H.L. Kumar [and] Gaurav Kumar _bact and rules / |
||
| 250 | _a4th ed | ||
| 260 |
_aDelhi _bUniversal Law Publishing _c2007 |
||
| 270 |
_aC-FF-1A, Dilkhush Industrial Estate, (Opp, Hans Cinema, Azadpur) GT. Karnal Road,, _bDelhi _e110033 |
||
| 300 |
_axxxiv, 246p. _c25cm (pbk) |
||
| 500 | _aIncludes index | ||
| 650 |
_aWorker's compensation _xLaw and legislation _zIndia |
||
| 700 | _aGaurav Kumar | ||
| 942 |
_2ddc _cEN _mKUM _h344.54021 |
||
| 999 |
_c18852 _d18852 |
||